000 00615nam a2200241Ia 4500
001 44944
005 20240114003651.0
007 ta
008 090306s1951 g b000 u 346 u
040 _aCotton College,Assam
041 _a346
082 _a891.443
_bR 13 M
100 _aRaibot, .
245 0 _aMonpoboner Nao /
_cRaibot.
_hTextual Documents
250 _a1st ed /
260 _aCalcutta :
_bDiganta Publishers ,
_c1951.
300 _a168p ;
_c20 cm.
653 _aBengali Literature
653 _aT/G-Bengali Literature
942 _2ddc
_cBK
999 _c44910
_d44910